Lập trình SQL căn bản /

Uloženo v:
Podrobná bibliografie
Hlavní autor: Đoàn Thiện Ngân
Médium: Kniha
Jazyk:Vietnamese
Vydáno: Lao động xã hội 2003
Tagy: Přidat tag
Žádné tagy, Buďte první, kdo otaguje tento záznam!
Thư viện lưu trữ: Mạng thư viện Đại học Đà Nẵng
LEADER 00693nam a2200265 4500
001 000028210
003 SQLCB
005 20150403120000.0
008 150403s vm 000 vie
020 |c 0,0000 
040 |a notts 
100 |a Đoàn Thiện Ngân 
245 |a Lập trình SQL căn bản /  |c Đoàn Thiện Ngân (chủ biên), Đoàn Thị Thanh Diễm, Hoàng Đức Hải. 
260 |b Lao động xã hội  |c 2003 
OWN |a LTT 
999 |a From the UDN01 
TYP |a Monograph 
TYP |a Printed language 
980 |a Mạng thư viện Đại học Đà Nẵng